00881nam a22002297a 450000500170000000800410001702000180005805000200007610000450009624501060014126000340024730000390028133600100032033700140033033800140034450000800035865000380043865000450047694200070052195201060052899900170063420231102151905.0160118s2009 mx a|||| |||| 00| 0 spa d a9786077686972 aQA76.76063 P47  aPérez Marqués, Maríadautor913138 aWindows Server 2008 b: Instalación, configuración y administracióncPérez Márques, María aMéxicob: Alfaomegac, 2009 axiii, 720 páginasbilustraciones atexto asin medio avolúmen aEducación Mixta Informática / Sistemas Operativos (P06-1) / (13 003167)14aSERVIDOR MICROSOFT WINDOWS91267324aSISTEMAS OPERATIVOS (COMPUTADORAS)96047 cLB 00102lcc4070a13b13d2016-01-18l0oQA76.76063 P47 2009p13 003167r2016-01-18t1w2016-01-18yLB c98721d98721